[Event "Titled Tuesday intern op 30th Apr Early"]
[Site "Chess.com INT"]
[Date "2024.04.30"]
[Round "1"]
[White "Aponte, Oriana Isabel"]
[Black "Stepanencu, Nicodim Cosmin"]
[Result "0-1"]
[WhiteElo "1998"]
[BlackElo "2278"]
[PlyCount "38"]
[EventDate "2024.04.30"]
[EventType "swiss (blitz)"]
[EventRounds "11"]
[EventCountry "USA"]
[SourceTitle "CB19_2024"]
[SourceDate "2024.05.08"]
[SourceVersion "1"]
[SourceVersionDate "2024.05.08"]
[SourceQuality "1"]

1. e4 g6 2. d4 Nf6 3. e5 Nh5 4. g4 Ng7 5. Nc3 d6 6. Bf4 Nc6 7. Bg2 h5 8. h3 Bd7 9. Qd2 hxg4 10. hxg4 Rxh1 11. Bxh1 Bxg4 12. Bxc6+ bxc6 13. f3 Bf5 14. Nge2 Ne6 15. 0-0-0 Qc8 16. Ne4 Qa6 17. a3 0-0-0 18. N2g3 Bg7 19. Qc3 Nxf4 0-1

[Event "Titled Tuesday intern op 02nd Apr Early"]
[Site "Chess.com INT"]
[Date "2024.04.02"]
[Round "2"]
[White "Stepanencu, Nicodim Cosmin"]
[Black "Klekowski, Maciej"]
[Result "0-1"]
[WhiteElo "2278"]
[BlackElo "2483"]
[PlyCount "70"]
[EventDate "2024.04.02"]
[EventType "swiss (blitz)"]
[EventRounds "11"]
[EventCountry "USA"]
[SourceTitle "CB15_2024"]
[SourceDate "2024.04.10"]
[SourceVersion "1"]
[SourceVersionDate "2024.04.10"]
[SourceQuality "1"]

1. e4 c5 2. Nf3 e6 3. g3 Nc6 4. Qe2 Nf6 5. e5 Ng4 6. h3 Nh6 7. Bg2 Nf5 8. c3 d6 9. Na3 dxe5 10. Nxe5 Nxe5 11. Qxe5 Bd6 12. Qe2 0-0 13. Nc4 Bc7 14. a4 Rb8 15. d3 b6 16. h4 e5 17. Bg5 f6 18. Bd2 Be6 19. h5 Qd7 20. Be4 Rbd8 21. a5 b5 22. Ne3 Nxe3 23. Bxe3 f5 24. Bg2 Bd6 25. h6 g6 26. Qf3 Be7 27. Qc6 b4 28. cxb4 c4 29. Qxd7 Bxb4+ 30. Kf1 Rxd7 31. dxc4 Bxc4+ 32. Kg1 f4 33. gxf4 exf4 34. Rh4 fxe3 35. Rxc4 e2 0-1

[Event "Bucharest Grand Prix op"]
[Site "Bucharest"]
[Date "2024.03.24"]
[Round "5"]
[White "Lehaci, Miruna Daria"]
[Black "Stepanencu, Nicodim Cosmin"]
[Result "1-0"]
[WhiteElo "2247"]
[BlackElo "2278"]
[PlyCount "134"]
[EventDate "2024.03.23"]
[EventType "swiss (rapid)"]
[EventRounds "10"]
[EventCountry "ROU"]
[SourceTitle "CB13_2024"]
[SourceDate "2024.03.27"]
[SourceVersion "1"]
[SourceVersionDate "2024.03.27"]
[SourceQuality "1"]

1. d4 Nf6 2. Bf4 e6 3. e3 c5 4. Nf3 cxd4 5. exd4 b6 6. Bd3 Be7 7. Nc3 Bb7 8. a3 h6 9. Qe2 a6 10. h3 b5 11. 0-0 0-0 12. Rfe1 d6 13. Bg3 Nbd7 14. Nd1 Qb6 15. c3 Rfe8 16. Bc2 a5 17. Nd2 b4 18. axb4 axb4 19. Rxa8 Rxa8 20. Ne3 bxc3 21. bxc3 Qc7 22. c4 Bf8 23. Qd3 Qa5 24. Rb1 Ba6 25. Nb3 Qd8 26. Qd2 Bb7 27. f3 Be7 28. Be1 Rb8 29. Na5 Ba8 30. Rxb8 Qxb8 31. Qd3 Bd8 32. Nb3 Bb6 33. Ng4 Kf8 34. Bf2 Bb7 35. Qd2 Ba6 36. c5 Bc7 37. c6 Nxg4 38. hxg4 Nf6 39. g5 hxg5 40. Qxg5 Qb5 41. Qxb5 Bxb5 42. d5 Nxd5 43. Nd4 Ba6 44. Ba4 Nc3 45. Bb3 Nb5 46. Bc4 Nxd4 47. Bxa6 Nxc6 48. Bb7 Na5 49. Be4 d5 50. Bc5+ Ke8 51. Bd3 Nc4 52. Kf1 Kd7 53. Ke2 Bd6 54. Bf2 Kc6 55. g4 Bf4 56. Be1 Kc5 57. Bh4 f6 58. Bf2+ Kc6 59. Be1 Bc7 60. Bb4 Bd6 61. Be1 Kb5 62. Bd2 Bb4 63. Bc1 Kc5 64. g5 Kd4 65. g6 Bc3 66. Bh6 Ne5 67. Bxg7 Nxg6 1-0

[Event "Titled Tuesday intern op 16th Jan Early"]
[Site "Chess.com INT"]
[Date "2024.01.16"]
[Round "3"]
[White "Wafa, Hamed"]
[Black "Stepanencu, Nicodim Cosmin"]
[Result "1-0"]
[WhiteElo "2397"]
[BlackElo "2278"]
[PlyCount "129"]
[EventDate "2024.01.16"]
[EventType "swiss (blitz)"]
[EventRounds "11"]
[EventCountry "USA"]
[SourceTitle "CB04_2024"]
[SourceDate "2023.10.16"]
[SourceVersion "1"]
[SourceVersionDate "2023.10.16"]
[SourceQuality "1"]

1. e4 d5 2. exd5 Qxd5 3. Nf3 Nf6 4. d4 g6 5. Nc3 Qd6 6. Ne5 Nc6 7. Bb5 Nd7 8. Bf4 Nxd4 9. 0-0 c6 10. Ne4 Qd5 11. Nc3 Qd6 12. Nd3 Qe6 13. Re1 Qf5 14. Bc4 Bg7 15. Bg3 0-0 16. Rxe7 Nb6 17. Bb3 c5 18. a3 c4 19. Ba2 cxd3 20. cxd3 Be6 21. Rxb7 Bxa2 22. Nxa2 Rfe8 23. Nc3 Rac8 24. Rxa7 Nd5 25. Ne4 Nf4 26. Nd6 Nfe2+ 27. Kh1 Nxg3+ 28. fxg3 Qc5 29. Nxc8 Rxc8 30. Ra4 Qb5 31. b4 Nc2 32. Ra5 Qb6 33. Rc1 Qe3 34. Rc5 Rxc5 35. bxc5 Nxa3 36. c6 Nb5 37. c7 Nxc7 38. Rxc7 Be5 39. Rc2 Kg7 40. Re2 Qd4 41. Re4 Qd5 42. Re3 Bf6 43. Rf3 h5 44. Qe2 Qd6 45. h3 h4 46. gxh4 Bxh4 47. Qe4 Bf6 48. Qe2 Qc6 49. g3 Bd4 50. Kg2 Qd6 51. Qe4 Qd7 52. Qf4 Kg8 53. h4 Kg7 54. Rf1 Kg8 55. Re1 Kg7 56. Re4 Bf6 57. d4 Qd5 58. Kh3 Qd7+ 59. Qg4 Qb5 60. Rf4 Qb1 61. Qf3 Qb6 62. d5 Qd6 63. h5 Qd7+ 64. Qg4 Be5 65. Qxd7 1-0

[Event "Titled Tuesday intern op 19th Dec Early"]
[Site "Chess.com INT"]
[Date "2023.12.19"]
[Round "7"]
[White "Skvortsov, Andrei"]
[Black "Stepanencu, Nicodim Cosmin"]
[Result "0-1"]
[WhiteElo "2309"]
[BlackElo "2278"]
[PlyCount "60"]
[EventDate "2023.12.19"]
[EventType "swiss (blitz)"]
[EventRounds "11"]
[EventCountry "USA"]
[SourceTitle "CB52_2023"]
[SourceDate "2023.12.27"]
[SourceVersion "1"]
[SourceVersionDate "2023.12.27"]
[SourceQuality "1"]

1. e4 e6 2. d4 d5 3. exd5 exd5 4. Nf3 Bd6 5. c4 Nf6 6. Qe2+ Be7 7. c5 b6 8. cxb6 axb6 9. g3 0-0 10. Be3 Bb4+ 11. Nc3 Ne4 12. Qc2 Qf6 13. Be2 Bg4 14. Nd2 Bxe2 15. Ncxe4 Qf3 16. Nc3 Bxc3 17. Qxc3 Qxh1+ 18. Kxe2 Qxa1 19. a3 c5 20. dxc5 bxc5 21. Bxc5 Re8+ 22. Kf3 Qh1+ 23. Kg4 Nd7 24. Bd4 Rac8 25. Qd3 Ne5+ 26. Bxe5 Rxe5 27. h4 h5+ 28. Kf4 Rce8 29. Nf3 Re4+ 30. Kf5 Qxf3+ 0-1

[Event "Titled Tuesday intern op 19th Dec Early"]
[Site "Chess.com INT"]
[Date "2023.12.19"]
[Round "4"]
[White "Stepanencu, Nicodim Cosmin"]
[Black "Baskakov, Egor"]
[Result "0-1"]
[WhiteElo "2278"]
[BlackElo "2215"]
[PlyCount "106"]
[EventDate "2023.12.19"]
[EventType "swiss (blitz)"]
[EventRounds "11"]
[EventCountry "USA"]
[SourceTitle "CB52_2023"]
[SourceDate "2023.12.27"]
[SourceVersion "1"]
[SourceVersionDate "2023.12.27"]
[SourceQuality "1"]

1. Nf3 Nf6 2. c4 e6 3. b3 d5 4. cxd5 exd5 5. Bb2 Be7 6. g3 0-0 7. Bg2 Ne4 8. 0-0 Bf6 9. Qc1 c6 10. d3 Bxb2 11. Qxb2 Ng5 12. Nbd2 Bg4 13. b4 Nxf3+ 14. Nxf3 Nd7 15. Rac1 Rc8 16. Qd4 Bxf3 17. Bxf3 Qb6 18. Qc3 Rfe8 19. e3 Ne5 20. Bg2 Rcd8 21. Rfe1 Re6 22. d4 Nc4 23. Bf1 Nd6 24. Bd3 Ne4 25. Bxe4 dxe4 26. Qc5 Rd5 27. Qxb6 axb6 28. a4 Re8 29. Rc2 Ra8 30. Ra1 f5 31. Kf1 Kf7 32. b5 Rxb5 33. axb5 Rxa1+ 34. Ke2 cxb5 35. Rc7+ Ke6 36. Rxb7 Ra6 37. Rxg7 Kd5 38. Rxh7 Ra2+ 39. Kd1 Kc4 40. Rc7+ Kd3 41. d5 Rxf2 42. Ke1 Re2+ 43. Kf1 Rd2 44. Ke1 Rxh2 45. d6 Rh8 46. Rb7 Kxe3 47. Kd1 Kf3 48. Rxb6 Kxg3 49. Rxb5 f4 50. Ke2 Rh2+ 51. Ke1 e3 52. Rg5+ Kf3 53. d7 Rh1+ 0-1

[Event "Titled Tuesday intern op 19th Dec Early"]
[Site "Chess.com INT"]
[Date "2023.12.19"]
[Round "5"]
[White "Stepanencu, Nicodim Cosmin"]
[Black "De Winter, Arthur"]
[Result "1/2-1/2"]
[WhiteElo "2278"]
[BlackElo "2405"]
[PlyCount "116"]
[EventDate "2023.12.19"]
[EventType "swiss (blitz)"]
[EventRounds "11"]
[EventCountry "USA"]
[SourceTitle "CB52_2023"]
[SourceDate "2023.12.27"]
[SourceVersion "1"]
[SourceVersionDate "2023.12.27"]
[SourceQuality "1"]

1. e4 e5 2. Bc4 Nf6 3. d3 c6 4. Bb3 d5 5. Nf3 Bb4+ 6. c3 Bd6 7. Bg5 dxe4 8. dxe4 h6 9. Bh4 0-0 10. 0-0 Na6 11. Nbd2 Nc5 12. Bc2 Bg4 13. Qe1 g5 14. Bg3 Qc7 15. h4 Nh7 16. hxg5 hxg5 17. Qe3 Ne6 18. Nc4 Bc5 19. Bxe5 Bxe3 20. Bxc7 Bxf2+ 21. Rxf2 Nxc7 22. Nd6 Kg7 23. e5 Ne6 24. Nh2 Bh5 25. Nf5+ Kh8 26. Nd6 Bg6 27. Raf1 Bxc2 28. Rxc2 f6 29. Ng4 fxe5 30. Rxf8+ Nhxf8 31. Nxe5 Rb8 32. Rf2 c5 33. Rf7 Rd8 34. Ne4 Rd1+ 35. Kf2 Rb1 36. b3 Rb2+ 37. Kg3 Rxa2 38. Nf6 Nf4 39. Rxf8+ Kg7 40. Ned7 Rxg2+ 41. Kf3 Rc2 42. Rg8+ Kf7 43. Rxg5 Ne6 44. Rh5 Rxc3+ 45. Ke2 Nf4+ 46. Kd2 Rd3+ 47. Kc2 Rxd7 48. Rh7+ Kxf6 49. Rxd7 b5 50. Rxa7 Ne6 51. Rb7 Ke5 52. Kd3 c4+ 53. bxc4 bxc4+ 54. Kxc4 Nf4 55. Rb5+ Ke4 56. Rb4 Ke5 57. Kc3 Nd5+ 58. Kb3 Nxb4 1/2-1/2

[Event "Wch U18"]
[Site "Montesilvano"]
[Date "2023.11.23"]
[Round "10"]
[White "Stepanencu, Nicodim Cosmin"]
[Black "Nied, Pascal"]
[Result "1-0"]
[WhiteElo "2289"]
[BlackElo "2172"]
[PlyCount "149"]
[EventDate "2023.11.13"]
[EventType "swiss"]
[EventRounds "11"]
[EventCountry "ITA"]
[SourceTitle "CB48_2023"]
[SourceDate "2023.11.29"]
[SourceVersion "1"]
[SourceVersionDate "2023.11.29"]
[SourceQuality "1"]

1. c4 e6 2. Nc3 d5 3. d4 Nf6 4. Nf3 c6 5. e3 Nbd7 6. Bd3 dxc4 7. Bxc4 b5 8. Bb3 Bb7 9. 0-0 a6 10. e4 c5 11. e5 c4 12. Bc2 Nd5 13. Ng5 Nxc3 14. bxc3 Be7 15. Qh5 g6 16. Qh6 Bf8 17. Qh3 Be7 18. Qg3 Nb6 19. h4 Rg8 20. Qh3 Bd5 21. Bd2 h6 22. Ne4 Rh8 23. h5 g5 24. f4 Bxe4 25. Bxe4 Nd5 26. Rf2 Qd7 27. fxg5 Bxg5 28. Bxg5 hxg5 29. Raf1 Rf8 30. h6 0-0-0 31. Bxd5 g4 32. Qxg4 Rg8 33. Bxe6 fxe6 34. Qe4 Qb7 35. Qxb7+ Kxb7 36. Rf7+ Kc6 37. h7 Rh8 38. Ra7 b4 39. Rxa6+ Kb5 40. Rxe6 bxc3 41. Rb1+ Ka5 42. Re7 Ka6 43. Rc1 Rxd4 44. Rxc3 Rh4 45. e6 Kb5 46. a3 Kc5 47. Rc7+ Kd5 48. e7 R4xh7 49. R3xc4 Rxe7 50. Rxe7 Kxc4 51. a4 Ra8 52. Re4+ Kd5 53. Rf4 Ke5 54. g3 Rb8 55. Kg2 Ra8 56. Kf3 Rb8 57. a5 Rb3+ 58. Kg4 Ra3 59. Rf5+ Ke6 60. Rb5 Kf7 61. Kh4 Kg6 62. g4 Ra1 63. Rb6+ Kg7 64. a6 Ra5 65. g5 Ra1 66. Kg4 Kf7 67. g6+ Kg7 68. Kf5 Ra5+ 69. Ke4 Kh6 70. Kd4 Kg7 71. Kc4 Kh6 72. Kb4 Ra1 73. Kb5 Kg7 74. Kc6 Re1 75. a7 1-0

[Event "Wch U18"]
[Site "Montesilvano"]
[Date "2023.11.14"]
[Round "2"]
[White "Stepanencu, Nicodim Cosmin"]
[Black "Galaviz Medina, Sion Radamantys"]
[Result "0-1"]
[WhiteElo "2289"]
[BlackElo "2461"]
[PlyCount "66"]
[EventDate "2023.11.13"]
[EventType "swiss"]
[EventRounds "11"]
[EventCountry "ITA"]
[SourceTitle "CB48_2023"]
[SourceDate "2023.11.29"]
[SourceVersion "1"]
[SourceVersionDate "2023.11.29"]
[SourceQuality "1"]

1. d4 d5 2. c4 e6 3. Nc3 Nf6 4. Bg5 Be7 5. e3 0-0 6. Nf3 h6 7. Bxf6 Bxf6 8. Rc1 c6 9. Bd3 Nd7 10. 0-0 Re8 11. e4 dxc4 12. Bxc4 Nf8 13. d5 exd5 14. exd5 Bg4 15. Qd3 b5 16. Bb3 Ng6 17. Nd4 Ne5 18. Qd2 c5 19. Ndxb5 Bf3 20. Qf4 Bg5 21. Qg3 Bxc1 22. Rxc1 c4 23. gxf3 cxb3 24. f4 Ng6 25. axb3 a6 26. f5 axb5 27. fxg6 fxg6 28. Nxb5 Qxd5 29. Nc7 Qd2 30. Rf1 Ra5 31. h4 Re1 32. b4 Raa1 33. Qb3+ Kh7 0-1

[Event "ROM-chT"]
[Site "Eforie Nord"]
[Date "2023.09.21"]
[Round "1.5"]
[White "Filip, Lucian Ioan"]
[Black "Stepanencu, Nicodim Cosmin"]
[Result "1/2-1/2"]
[WhiteElo "2352"]
[BlackElo "2322"]
[PlyCount "54"]
[EventDate "2023.09.21"]
[EventType "team-tourn"]
[EventRounds "9"]
[EventCountry "ROU"]
[SourceTitle "EXT 2024"]
[Source "ChessBase"]
[SourceDate "2023.10.10"]
[SourceVersion "1"]
[SourceVersionDate "2023.10.10"]
[SourceQuality "1"]
[WhiteTeam "Timisoara Vest Univ"]
[BlackTeam "Baia Mare Municipiului"]
[WhiteTeamCountry "ROU"]
[BlackTeamCountry "ROU"]

1. d4 Nf6 2. c4 e6 3. g3 d5 4. Bg2 Bb4+ 5. Bd2 a5 6. Nf3 0-0 7. 0-0 dxc4 8. a3 Bd6 9. Qa4 Nc6 10. Qxc4 e5 11. d5 Ne7 12. Nc3 c6 13. dxc6 bxc6 14. Bg5 Ba6 15. Qb3 Rb8 16. Qc2 Nfd5 17. Bxe7 Qxe7 18. Ne4 Rb6 19. Rfd1 Bc7 20. e3 Rfb8 21. Rab1 h6 22. Nc5 Bb5 23. Bf1 Nf6 24. Nd2 Bxf1 25. Kxf1 Rb5 26. Nce4 Nxe4 27. Nxe4 Qe6 1/2-1/2

[Event "EU-ch U18 31st"]
[Site "Mamaia"]
[Date "2023.09.09"]
[Round "5"]
[White "Babazada, Khazar Araz"]
[Black "Stepanencu, Nicodim Cosmin"]
[Result "1-0"]
[WhiteElo "2463"]
[BlackElo "2322"]
[PlyCount "71"]
[EventDate "2023.09.05"]
[EventType "swiss"]
[EventRounds "9"]
[EventCountry "ROU"]
[SourceTitle "EXT 2024"]
[Source "ChessBase"]
[SourceDate "2023.10.10"]
[SourceVersion "1"]
[SourceVersionDate "2023.10.10"]
[SourceQuality "1"]

1. e4 c6 2. d4 d5 3. Nc3 dxe4 4. Nxe4 Bf5 5. Ng3 Bg6 6. h4 h6 7. Nf3 e6 8. h5 Bh7 9. Bd3 Bxd3 10. Qxd3 Nf6 11. Bd2 c5 12. Bc3 Nc6 13. 0-0-0 Qd5 14. Kb1 0-0-0 15. Qe2 Be7 16. Ne5 Rhf8 17. dxc5 Qxg2 18. Rxd8+ Bxd8 19. Nf3 Ng4 20. Ne1 Qxf2 21. Qxg4 Qxc5 22. Qxg7 Qd6 23. Nd3 f5 24. Rf1 Be7 25. Ne2 Bg5 26. Nd4 Rd8 27. Nxc6 Qxc6 28. Bf6 Qd7 29. Qg6 Bxf6 30. Qxf6 Re8 31. Qxh6 e5 32. Qf6 f4 33. Nxe5 Qb5 34. Nd3 Qxh5 35. Qxf4 Qe2 36. a3 1-0

[Event "Titled Tuesday intern op 29th Aug Early"]
[Site "Chess.com INT"]
[Date "2023.08.29"]
[Round "8"]
[White "Klukin, Kirill"]
[Black "Stepanencu, Nicodim Cosmin"]
[Result "0-1"]
[WhiteElo "2390"]
[BlackElo "2305"]
[PlyCount "88"]
[EventDate "2023.08.29"]
[EventType "swiss (blitz)"]
[EventRounds "11"]
[EventCountry "USA"]
[SourceTitle "EXT 2024"]
[Source "ChessBase"]
[SourceDate "2023.10.10"]
[SourceVersion "1"]
[SourceVersionDate "2023.10.10"]
[SourceQuality "1"]

1. d4 Nf6 2. Nf3 d5 3. c4 c6 4. Nc3 dxc4 5. e3 b5 6. a4 b4 7. Na2 e6 8. Bxc4 Be7 9. 0-0 0-0 10. Qe2 Bb7 11. Rd1 a5 12. Bd2 Nbd7 13. Be1 Qb8 14. Nc1 c5 15. Bb5 Rd8 16. Nb3 cxd4 17. Nfxd4 Ne5 18. f3 Qa7 19. Bg3 Ng6 20. Nc6 Bxc6 21. Bxc6 Rac8 22. Bb5 Rxd1+ 23. Rxd1 h5 24. Nd4 Bc5 25. Bf2 Nd5 26. h4 Qb6 27. Rd3 Ndf4 28. exf4 Nxf4 29. Qe4 Nxd3 30. Bxd3 Rd8 31. Nc6 Bxf2+ 32. Kf1 Rxd3 33. Qxd3 Bxh4 34. Qd4 Qxc6 35. Qxh4 Qc1+ 36. Kf2 Qxb2+ 37. Kg1 Qa1+ 38. Kf2 Qb2+ 39. Kg1 g6 40. Qd8+ Kg7 41. Qxa5 b3 42. Kh2 Qf6 43. Qb5 b2 44. a5 Qh4+ 0-1

[Event "Titled Tuesday intern op 29th Aug Early"]
[Site "Chess.com INT"]
[Date "2023.08.29"]
[Round "7"]
[White "Nazari, Arad"]
[Black "Stepanencu, Nicodim Cosmin"]
[Result "0-1"]
[WhiteElo "2358"]
[BlackElo "2305"]
[PlyCount "66"]
[EventDate "2023.08.29"]
[EventType "swiss (blitz)"]
[EventRounds "11"]
[EventCountry "USA"]
[SourceTitle "EXT 2024"]
[Source "ChessBase"]
[SourceDate "2023.10.10"]
[SourceVersion "1"]
[SourceVersionDate "2023.10.10"]
[SourceQuality "1"]

1. e4 e6 2. d4 d5 3. e5 c5 4. c3 Nc6 5. Nf3 Qb6 6. a3 c4 7. Nbd2 Bd7 8. Be2 Nge7 9. 0-0 Na5 10. Qc2 Qc7 11. a4 Nc8 12. b4 cxb3 13. Nxb3 Nc4 14. Nfd2 Nxd2 15. Nxd2 Be7 16. c4 0-0 17. Bd3 g6 18. cxd5 Qxc2 19. Bxc2 exd5 20. Bb3 Be6 21. a5 Bb4 22. Nf3 Ne7 23. Ra4 Nc6 24. a6 b5 25. Ra2 Bc3 26. Rc2 Nxd4 27. Nxd4 Bxd4 28. Rd1 Bxe5 29. Bxd5 Rad8 30. Rcd2 Bf4 31. Bb7 Bxd2 32. Rxd2 Rxd2 33. Bxd2 Rd8 0-1

[Event "Titled Tuesday intern op 29th Aug Early"]
[Site "Chess.com INT"]
[Date "2023.08.29"]
[Round "10"]
[White "Stepanencu, Nicodim Cosmin"]
[Black "Demchenko, Anton"]
[Result "0-1"]
[WhiteElo "2305"]
[BlackElo "2619"]
[PlyCount "56"]
[EventDate "2023.08.29"]
[EventType "swiss (blitz)"]
[EventRounds "11"]
[EventCountry "USA"]
[SourceTitle "EXT 2024"]
[Source "ChessBase"]
[SourceDate "2023.10.10"]
[SourceVersion "1"]
[SourceVersionDate "2023.10.10"]
[SourceQuality "1"]

1. d4 Nf6 2. c4 d6 3. Nf3 Nc6 4. d5 Ne5 5. Nxe5 dxe5 6. Nc3 e6 7. e4 Bc5 8. Be2 0-0 9. 0-0 c6 10. dxc6 bxc6 11. Qxd8 Rxd8 12. g4 h6 13. h4 Bd4 14. g5 hxg5 15. hxg5 Nh7 16. Kg2 Rb8 17. Nd1 c5 18. Rb1 a5 19. b3 a4 20. Ba3 axb3 21. Rxb3 Rxb3 22. axb3 Nxg5 23. f3 f5 24. Nf2 Bb7 25. exf5 exf5 26. Nd3 e4 27. fxe4 Bxe4+ 28. Kg3 Ne6 0-1

[Event "Titled Tuesday intern op 29th Aug Early"]
[Site "Chess.com INT"]
[Date "2023.08.29"]
[Round "9"]
[White "Stepanencu, Nicodim Cosmin"]
[Black "Navara, David"]
[Result "1-0"]
[WhiteElo "2305"]
[BlackElo "2695"]
[PlyCount "71"]
[EventDate "2023.08.29"]
[EventType "swiss (blitz)"]
[EventRounds "11"]
[EventCountry "USA"]
[SourceTitle "EXT 2024"]
[Source "ChessBase"]
[SourceDate "2023.10.10"]
[SourceVersion "1"]
[SourceVersionDate "2023.10.10"]
[SourceQuality "1"]

1. d4 Nf6 2. c4 e6 3. Nc3 Bb4 4. Qb3 c5 5. dxc5 Nc6 6. Nf3 Ne4 7. e3 Bxc3+ 8. bxc3 Nxc5 9. Qc2 b6 10. Be2 Ba6 11. 0-0 Rc8 12. Rd1 Na5 13. Rd4 Qe7 14. Ba3 0-0 15. Rad1 Rfd8 16. Qd2 h6 17. Ne5 d6 18. Rxd6 Rxd6 19. Qxd6 Qxd6 20. Rxd6 Ne4 21. Rd7 Nxc4 22. Bxc4 Bxc4 23. Rd4 Bd5 24. c4 Nc3 25. Rd2 Bxc4 26. Rc2 Ba6 27. Kh1 f6 28. Nf3 e5 29. h3 Ne4 30. Rb2 Rc3 31. Bb4 Rc1+ 32. Kh2 Bc4 33. a3 Kf7 34. Nd2 Nxd2 35. Bxd2 Ke6 36. Bxc1 1-0

[Event "Satu Mare Szabo Memorial IM"]
[Site "Satu Mare"]
[Date "2023.08.15"]
[Round "3"]
[White "Lacan Rus, David"]
[Black "Stepanencu, Nicodim Cosmin"]
[Result "0-1"]
[WhiteElo "2125"]
[BlackElo "2305"]
[PlyCount "122"]
[EventDate "2023.08.14"]
[EventType "tourn"]
[EventRounds "9"]
[EventCountry "ROU"]
[SourceTitle "CBM 215 Extra"]
[Source "ChessBase"]
[SourceDate "2023.09.30"]
[SourceVersion "1"]
[SourceVersionDate "2023.09.30"]
[SourceQuality "1"]

1. e4 d6 2. d4 Nf6 3. Nc3 e5 4. Nf3 exd4 5. Nxd4 Be7 6. Be3 0-0 7. Qd2 c6 8. f3 d5 9. e5 Nfd7 10. e6 Ne5 11. exf7+ Rxf7 12. 0-0-0 c5 13. Nb3 d4 14. Ne4 Qb6 15. Bg5 Bf8 16. Re1 Nbc6 17. f4 c4 18. Nxd4 Nd3+ 19. cxd3 Nxd4 20. dxc4 Bf5 21. Bd3 Rd7 22. Re3 Bb4 23. Qf2 Ne6 24. Qe2 h6 25. Bxh6 Nd4 26. Qh5 Nb3+ 27. Kb1 g6 28. Qe2 Qxe3 29. Qxe3 Rxd3 30. Qxd3 Bxe4 31. Qxe4 Nd2+ 32. Kc2 Nxe4 33. Rd1 Rc8 34. Rd7 Rxc4+ 35. Kd3 b5 36. Rg7+ Kh8 37. Rxa7 Nc5+ 38. Ke3 Ne6 39. Kf3 Rc2 40. b3 Bc5 41. Ra6 Rf2+ 42. Ke4 Kh7 43. Rxe6 Kxh6 44. a4 b4 45. Kd5 Bf8 46. a5 Ra2 47. a6 Ra5+ 48. Ke4 Kg7 49. g4 Ra3 50. Kd5 Rxb3 51. Kc6 Ra3 52. Kb6 b3 53. Re5 Bd6 54. Rb5 Bxf4 55. Kb7 Be3 56. h4 Kh6 57. h5 g5 58. Kc8 Bd4 59. Kd7 b2 60. Ke8 Rxa6 61. Kf7 Rb6 0-1

[Event "Satu Mare Szabo Memorial IM"]
[Site "Satu Mare"]
[Date "2023.08.14"]
[Round "1"]
[White "Florescu, Codrut Constantin"]
[Black "Stepanencu, Nicodim Cosmin"]
[Result "1-0"]
[WhiteElo "2242"]
[BlackElo "2305"]
[PlyCount "67"]
[EventDate "2023.08.14"]
[EventType "tourn"]
[EventRounds "9"]
[EventCountry "ROU"]
[SourceTitle "CBM 215 Extra"]
[Source "ChessBase"]
[SourceDate "2023.09.30"]
[SourceVersion "1"]
[SourceVersionDate "2023.09.30"]
[SourceQuality "1"]

1. e4 c6 2. d4 d5 3. Nc3 dxe4 4. Nxe4 Nf6 5. Nxf6+ exf6 6. c3 Bd6 7. Bd3 0-0 8. Ne2 Re8 9. Qc2 h5 10. Be3 Nd7 11. 0-0-0 Nf8 12. c4 g6 13. Rhe1 f5 14. g3 Be6 15. Nf4 Rc8 16. Kb1 b5 17. c5 Bxf4 18. Bxf4 Qxd4 19. b3 Nd7 20. Bd6 Qb4 21. Qd2 Qxd2 22. Rxd2 f6 23. Rde2 Kf7 24. Kb2 Rcd8 25. Bc2 b4 26. f4 a5 27. Re3 g5 28. Bd1 g4 29. Bc2 Nb6 30. cxb6 Rxd6 31. Bxf5 Bxf5 32. Rxe8 Rd2+ 33. Ka1 Rd7 34. R8e7+ 1-0

[Event "Timisoara Foisor Memorial Rapid"]
[Site "Timisoara"]
[Date "2023.08.06"]
[Round "6"]
[White "Grigoriants, Sergey"]
[Black "Stepanencu, Nicodim Cosmin"]
[Result "1/2-1/2"]
[WhiteElo "2562"]
[BlackElo "2305"]
[PlyCount "70"]
[EventDate "2023.08.05"]
[EventType "swiss (rapid)"]
[EventRounds "10"]
[EventCountry "ROU"]
[SourceTitle "CBM 215 Extra"]
[Source "ChessBase"]
[SourceDate "2023.09.30"]
[SourceVersion "1"]
[SourceVersionDate "2023.09.30"]
[SourceQuality "1"]

1. e4 c6 2. d4 d5 3. Nc3 dxe4 4. Nxe4 Nf6 5. Nxf6+ exf6 6. c3 Bd6 7. Bd3 0-0 8. Ne2 Re8 9. 0-0 Qc7 10. Ng3 Nd7 11. c4 c5 12. d5 Ne5 13. b3 Nxd3 14. Qxd3 h5 15. f4 h4 16. Ne4 Qe7 17. Nxd6 Qxd6 18. Bd2 g6 19. Rfe1 Bf5 20. Qf3 Qd7 21. Bc3 Rxe1+ 22. Rxe1 Re8 23. Rxe8+ Qxe8 24. h3 Qe7 25. Qf2 Bb1 26. Kh2 Kg7 27. a3 b6 28. Qd2 Qd6 29. Kg1 Kf8 30. Qb2 Be4 31. Qf2 Kg7 32. Bb2 b5 33. Qe3 Bf5 34. Qf2 bxc4 35. bxc4 Bd3 1/2-1/2

[Event "Timisoara Foisor Memorial Rapid"]
[Site "Timisoara"]
[Date "2023.08.06"]
[Round "7"]
[White "Stepanencu, Nicodim Cosmin"]
[Black "Csonka, Balazs"]
[Result "1/2-1/2"]
[WhiteElo "2305"]
[BlackElo "2480"]
[PlyCount "54"]
[EventDate "2023.08.05"]
[EventType "swiss (rapid)"]
[EventRounds "10"]
[EventCountry "ROU"]
[SourceTitle "CBM 215 Extra"]
[Source "ChessBase"]
[SourceDate "2023.09.30"]
[SourceVersion "1"]
[SourceVersionDate "2023.09.30"]
[SourceQuality "1"]

1. e4 e5 2. Nf3 Nc6 3. Bb5 a6 4. Ba4 Nf6 5. 0-0 Be7 6. Re1 b5 7. Bb3 0-0 8. h3 d6 9. c3 Re8 10. Ng5 Rf8 11. Nf3 Re8 12. Ng5 Rf8 13. Nf3 Nb8 14. d4 Nbd7 15. Nbd2 Bb7 16. Bc2 Re8 17. Nf1 Bf8 18. Ng3 g6 19. b3 a5 20. Bd3 c6 21. a4 exd4 22. cxd4 b4 23. e5 Nd5 24. Bg5 Qc7 25. exd6 Bxd6 26. Ne4 Nc3 27. Qc2 Nxe4 1/2-1/2

[Event "Titled Tuesday intern op 01st Aug Early"]
[Site "Chess.com INT"]
[Date "2023.08.01"]
[Round "1"]
[White "Gaurav, Rajesh Zagade"]
[Black "Stepanencu, Nicodim Cosmin"]
[Result "1-0"]
[WhiteElo "2159"]
[BlackElo "2305"]
[PlyCount "53"]
[EventDate "2023.08.01"]
[EventType "swiss (blitz)"]
[EventRounds "11"]
[EventCountry "USA"]
[SourceTitle "EXT 2024"]
[Source "ChessBase"]
[SourceDate "2023.10.10"]
[SourceVersion "1"]
[SourceVersionDate "2023.10.10"]
[SourceQuality "1"]

1. e4 Nf6 2. Nc3 d6 3. d4 g6 4. Nf3 Bg7 5. Be2 0-0 6. 0-0 Nc6 7. h3 a6 8. Be3 h6 9. Qd2 Kh7 10. Rad1 e6 11. Qc1 Qe7 12. a3 b5 13. b4 Bb7 14. e5 Nd5 15. Ne4 dxe5 16. dxe5 Nxe5 17. Bc5 Nxf3+ 18. Bxf3 Qh4 19. Bxf8 Rxf8 20. Nc5 Ba8 21. Rfe1 Nc3 22. Rd3 Bd4 23. Qd2 e5 24. Bxa8 Rxa8 25. Rxc3 a5 26. Rf3 f5 27. Ne6 1-0